Bhullar v McArdle (Record no. 68876)
[ view plain ]
| 000 -LEADER | |
|---|---|
| fixed length control field | 00918cam a2200193 4500 |
| 001 - CONTROL NUMBER | |
| control field | X115651 |
| 008 - FIXED-LENGTH DATA ELEMENTS--GENERAL INFORMATION | |
| fixed length control field | 011121n2001 000 0 eng u |
| 035 ## - SYSTEM CONTROL NUMBER | |
| System control number | (Sirsi) u115651 |
| 245 ## - TITLE STATEMENT | |
| Title | Bhullar v McArdle |
| 260 ## - PUBLICATION, DISTRIBUTION, ETC. | |
| Date of publication, distribution, etc. | 2001 |
| 490 ## - SERIES STATEMENT | |
| Series statement | Property, Planning and Compensation Reports |
| Volume/sequential designation | [2001] 82 P&CR 481-493(13) |
| 520 ## - SUMMARY, ETC. | |
| Summary, etc. | CA 10 April 2001. Oral agreeement between registered owners of land to transfer parcels of land. No legal transfer and nothing registered at HM Land Registry. Rectification of Register. Whether oral agreement bound successors in title to part of land. Whether over-riding interest. Whether estoppel. Mutual benefit and burden. Land Registration Act 1925 s70(1)(g). Land Registration Rules 1925. (Taken from Journal Abstract) |
| 650 ## - SUBJECT ADDED ENTRY--TOPICAL TERM | |
| Topical term or geographic name entry element | BHULLAR V MCARDLE |
| 650 ## - SUBJECT ADDED ENTRY--TOPICAL TERM | |
| Topical term or geographic name entry element | ORAL AGREEMENT |
| 650 ## - SUBJECT ADDED ENTRY--TOPICAL TERM | |
| Topical term or geographic name entry element | RECTIFICATION |
| 650 ## - SUBJECT ADDED ENTRY--TOPICAL TERM | |
| Topical term or geographic name entry element | CASE LAW |
| 690 ## - LOCAL SUBJECT ADDED ENTRY--TOPICAL TERM (OCLC, RLIN) | |
| Topical term or geographic name as entry element | PROPERTY |
| 942 ## - ADDED ENTRY ELEMENTS (KOHA) | |
| Suppress in OPAC | 0 |
| Withdrawn status | Lost status | Source of classification or shelving scheme | Damaged status | Not for loan | Home library | Current library | Shelving location | Date acquired | Total Checkouts | Full call number | Barcode | Date last seen | Copy number | Price effective from | Koha item type |
|---|---|---|---|---|---|---|---|---|---|---|---|---|---|---|---|
| Dewey Decimal Classification | London | London | Journals | 21/11/2001 | X115651 | 115651-1001 | 06/08/2019 | 1 | 06/08/2019 | Law report |